000 00453nam a2200181Ia 4500
001 8566
005 20260306160619.0
008 260306t2018||||xx |||||||||||||| ||spa||
041 _aESP
082 _a371.12
_bM84
100 _aMonge López, Carlos
_eAUT
245 0 _aInnovando la docencia desde la formación del profesorado
260 _c2018
300 _a338 páginas :
_c23 cm.
650 _aGEN
654 _aCED
942 _cLIB
_dJUS
_fJUS
_2ddc
_n
999 _c8566
_d8566